=LDR 00000nam 2200000 4500 =001 INLIS000000000047719 =005 20160215091000.0 =006 =007 =008 =020 ##$$a 978-602-8058-01-8 =035 ##$$0010-021600000000107 =040 ##$$a NPBDMAT =082 ##$$a 92 =090 ##$$a 92 $b Kam p =100 ##$$a Kamarul Hidayat =245 ##$$a Pengembara Dari Data Alai / Penyusun Naskah H. Kamarul Hidayat; Editor Prof. DR. H. A Habibi Anshari A2. MA.-- cet 1 =260 ##$$a Surabaya :$b Perum Percetakan Negara RI Bekerjasama Dengan Yayasan Pondok Pesantren Rakha Amuntai, $c 2008 =300 ##$$a 218 hlm : $b ilus $c 23 cm =650 ##$$a Biografi - Ahmad Maki =700 ##$$a Hafiz Anshari